000 00890nam a2200205Ii 4500
003 JO-AjNU
008 230605s9999||||xx |||||||||||||| ||und||
017 _a2002/4/961
040 _aJO-AjNU
_bara
_erda
_cJO-AjNU
041 _aara
050 1 4 _aB5295.H8792.2002
100 3 _aالمناصرة،عز الدين ، عليان،حسن ، عبيد الله،محمد /تحرير ومراجعة ,
_eauthor
_933546
245 0 0 _aالحرية والإبداع :بحوث المؤتمر العلمي السادس لكلية الآداب والفنون 15-17 ايار 2001
264 3 1 _aجرش:جامعة فيلادلفيا ،2002
300 _a617ص
336 _atext
_btxt
_2rdacontent
337 _aunmediated
_bn
_2rdamedia
338 _avolume
_bnc
_2rdacarrier
650 4 _aحرية الفكر-الثقافة-الرأي العام-الابداعية-التفكير المبدع
_933547
999 _aA13666
_c17234
_d17234